Shopping in grandma's day / (Record no. 7875)
[ view plain ]
| 000 -LEADER | |
|---|---|
| fixed length control field | 01212nam a22003017a 4500 |
| 001 - CONTROL NUMBER | |
| control field | 7875 |
| 003 - CONTROL NUMBER IDENTIFIER | |
| control field | FISKH |
| 005 - DATE AND TIME OF LATEST TRANSACTION | |
| control field | 20250812163400.0 |
| 008 - FIXED-LENGTH DATA ELEMENTS--GENERAL INFORMATION | |
| fixed length control field | 250812b cb ||||| |||| 00| 0 eng d |
| 020 ## - INTERNATIONAL STANDARD BOOK NUMBER | |
| International Standard Book Number | 9780237520069 |
| 040 ## - CATALOGING SOURCE | |
| Original cataloging agency | FISKH |
| Language of cataloging | eng |
| Transcribing agency | FISKH |
| Modifying agency | FISKH |
| 050 ## - LIBRARY OF CONGRESS CALL NUMBER | |
| Classification number | PZ7 |
| 082 ## - DEWEY DECIMAL CLASSIFICATION NUMBER | |
| Classification number | 381.10904 |
| 100 ## - MAIN ENTRY--PERSONAL NAME | |
| Personal name | Hunter, Rebecca |
| 245 ## - TITLE STATEMENT | |
| Title | Shopping in grandma's day / |
| Statement of responsibility, etc. | Rebecca Hunter with Angela Davies / |
| 250 ## - EDITION STATEMENT | |
| Edition statement | This edition first published in 1999 |
| 260 ## - PUBLICATION, DISTRIBUTION, ETC. | |
| Place of publication, distribution, etc. | Hongkong : |
| Name of publisher, distributor, etc. | Evans, |
| Date of publication, distribution, etc. | 1999 |
| 300 ## - PHYSICAL DESCRIPTION | |
| Extent | 30 pages : |
| Other physical details | color illustrations ; |
| Dimensions | 25 cm |
| 505 ## - FORMATTED CONTENTS NOTE | |
| Formatted contents note | Z<br/> |
| 520 ## - SUMMARY, ETC. | |
| Summary, etc. | Based on the recollections of real people, this book describes what shops were like and how people shopped in 1940s Britain. Intended to fulfil the requirements of the Literacy Hour it uses autobiography, anecdotes and recounting of past experiences and events. There are photographs of contemporary people, places, artefacts and documents to encourage a broad investigative approach to history.<br/> |
| 521 8# - TARGET AUDIENCE NOTE | |
| Target audience note | 930<br/> |
| Source | Lexile<br/> |
| 521 8# - TARGET AUDIENCE NOTE | |
| Target audience note | Z<br/> |
| Source | Raz-Plus<br/> |
| 650 ## - SUBJECT ADDED ENTRY--TOPICAL TERM | |
| Source of heading or term | Non-fiction |
| Topical term or geographic name entry element | Shopping |
| 650 ## - SUBJECT ADDED ENTRY--TOPICAL TERM | |
| Source of heading or term | Grandma |
| Topical term or geographic name entry element | House |
| 700 ## - ADDED ENTRY--PERSONAL NAME | |
| Personal name | Lafford, Stuart |
| Dates associated with a name | illustrator |
| 942 ## - ADDED ENTRY ELEMENTS (KOHA) | |
| Source of classification or shelving scheme | Dewey Decimal Classification |
| Koha item type | Books |
| Suppress in OPAC | No |
| Withdrawn status | Lost status | Source of classification or shelving scheme | Damaged status | Not for loan | Collection | Home library | Current library | Shelving location | Date acquired | Total Checkouts | Full call number | Barcode | Date last seen | Copy number | Price effective from | Koha item type |
|---|---|---|---|---|---|---|---|---|---|---|---|---|---|---|---|---|
| Dewey Decimal Classification | Non-Fiction | Footprints International School Library Network Toul Tom Poung Campus | Footprints International School Library Network Toul Tom Poung Campus | TTP Secondary Non-Fiction Bookshelves | 08/12/2025 | HUN 381.10904 PZ7 | FIS01551 | 08/12/2025 | 1 | 08/12/2025 | Books |
